Statistiques concernant Drag Race France : qui a dit ça ?

Cliquez ici pour prendre le quiz!

Statistiques générales

  • Ce quiz a été pris 234 fois
  • Le résultat moyen est 9 sur 20

Statistiques - réponses

PhraseQueen% Correct
"Kitty Space, pile poil entre avril et juin... meh"Punani
95%
"Ça va ma petite Kahena ? C'est ton premier épisode 2 ?"Ginger Bitch
77%
"Y'a du silence, personne rigole et je me dis, on est en concert de Keen'V ou quoi ?"Mami Watta
69%
"Dans l'aventure j'ai une amie c'est Sara, je l'aime tellement que je vais voter pour qu'elle parte"Sara Forever
61%
"Je sais pas ce qui se passe dans la tête de Sara mais j'ai grave envie d'y faire un after"Piche
60%
"Et d'ailleurs, ton rôle de critique culinaire dans Ratatouille était merveilleux !"La Big Bertha
51%
"Ta gueule"Keiona
48%
"Lolita, les Oompa Loompa"La Grande Dame
43%
"C'est le camembert qui dit du roquefort qu'il pue"Paloma
43%
"Non ça ne m'intéresse pas, mais merci beaucoup d'être passée"Sara Forever
43%
"Déjà, faut faire confiance à Kévin. Premier problème : il s'appelle Kévin !"La Grande Dame
37%
"Avec des matériaux comme ça le risque c'est vraiment de ressembler à une piñata à la fin. Personne a envie de ressembler à une piñata... peut-être Lolita ?"Paloma
37%
"Loïc Prigent le problème, c'est qu'il a l'habitude de juger des tissus. Donc il va quand même se retrouver emmerdé avec Mami Watta"Sara Forever
35%
"Le Talon Faible, si ça avait été "Le Talent Faible", il y aurait eu beaucoup de gagnantes"Punani
34%
"C'est un crime criminel"Mami Watta
31%
"Je suis dedans putain"Moon
31%
"Mais je ne la jugerai pas... mais quand même un peu"Piche
31%
"23 ans bientôt 30"La Kahena
23%
"Au bout d'un moment le cocorico faudra peut-être le faire cuire"Soa de Muse
22%
"Toute ma vie Nicky j'ai rêvé d'être un poney"Cookie Kunty
18%

Distribution des résultats

Percentile par nombre de réponses

% des personnes avec chaque résultat

Votre développement - résultats

Vous n’avez pas pris ce quiz